00433nam a2200157Ia 45000010006000000050017000060080041000230410008000640820017000721000021000892450106001102600009002163000034002256500008002596540008002671848220260306171634.0260306s9999||||xx |||||||||||||| ||und|| aESP a658.406bF54 aFisk, PetereAUT 0aIngenio creativo:buna guía de innovación para líderes empresariales progresistas y visionarios c2012 axvii, 373 páginas :c23 cm. aGEN aCAN